Home Print Resources E-Books E-Journals IIMT Lecture Series Library Membership Form Book Recommendation Form Campus Tour Take AdmissionAbout Us Contact Us

TEXT BOOK OF DISCRETE MATHEMATICS (Record no. 56487)

000 -LEADER
fixed length control field nam a22 7a 4500
003 - CONTROL NUMBER IDENTIFIER
control field OSt
005 - DATE AND TIME OF LATEST TRANSACTION
control field 20230426035117.0
008 - FIXED-LENGTH DATA ELEMENTS--GENERAL INFORMATION
fixed length control field 230426b xxu||||| |||| 00| 0 eng d
040 ## - CATALOGING SOURCE
Transcribing agency IIMT UNIVERSITY CENTRAL LIBRARY 2
100 ## - MAIN ENTRY--PERSONAL NAME
Personal name SARKAR,SWAPAN KUMAR
245 ## - TITLE STATEMENT
Title TEXT BOOK OF DISCRETE MATHEMATICS
260 ## - PUBLICATION, DISTRIBUTION, ETC.
Place of publication, distribution, etc. NEW DELHI
Name of publisher, distributor, etc. S.CHAND & COMPANY
Date of publication, distribution, etc. 2022
300 ## - PHYSICAL DESCRIPTION
Extent 845
942 ## - ADDED ENTRY ELEMENTS (KOHA)
Source of classification or shelving scheme
Koha item type Text-Book- for 7 days
Holdings
Withdrawn status Lost status Source of classification or shelving scheme Damaged status Not for loan Home library Current library Date acquired Source of acquisition Cost, normal purchase price Inventory number Total Checkouts Barcode Date last seen Price effective from Koha item type Date last checked out
          IIMT University Central library 2 - G.Noida IIMT University Central library 2 - G.Noida 04/26/2023 ARISTA 395.00 HO/IN/4,17/05/2023   31-B-100 04/26/2023 04/26/2023 Text-Book- for 7 days  
          IIMT University Central library 2 - G.Noida IIMT University Central library 2 - G.Noida 04/26/2023 ARISTA 395.00 HO/IN/4,17/05/2023 2 31-B-101 04/28/2026 04/26/2023 Text-Book- for 7 days 04/15/2026
IIMT, Central Library. All Rights Reserved IIMT,UNIVERSITY © 2023
Implemented and Customised by I CLOUDE EMS
You Are OPAC Visitor No
free web counter

Powered by Koha